000 00431cam a2200157 i 4500
020 _a9788184656039
020 _a8184656033
041 _aENG
082 0 4 _a271.530
_bEZH
100 1 _aEzhakunnel, Francis,
245 1 0 _aHuman resource management in the Society of Jesus :
260 _aDelhi
_bISPCK
_c2017
300 _ax, 198 pages :
_billustrations (black and white) ;
650 0 _aChurch personnel management.
942 _cBK
999 _c22975
_d22975